Marketing Communications / From Fundamentals to Strategies (Record no. 1631)
[ view plain ]
| 000 -LEADER | |
|---|---|
| fixed length control field | 01264cam a22002054a 4500 |
| 005 - ΗΜΕΡΟΜΗΝΙΑ ΚΑΙ ΩΡΑ ΤΕΛΕΥΤΑΙΑΣ ΕΝΗΜΕΡΩΣΗΣ | |
| Πεδίο ελέγχου | 20250605164014.0 |
| 008 - FIXED-LENGTH DATA ELEMENTS--GENERAL INFORMATION | |
| Πεδίο ελέγχου σταθερού μήκους | 250528s ||||||||||||||||||||||||d |
| 035 ## - SYSTEM CONTROL NUMBER | |
| System control number | 16093 |
| 020 ## - ISBN | |
| ISBN | 669072109 |
| 040 ## - ΠΗΓΗ ΚΑΤΑΛΟΓΟΓΡΑΦΗΣΗΣ | |
| Φορέας πρωτότυπης καταλογογράφησης | MC Athens Campus Library |
| Γλώσσα καταλογογράφησης | Ελληνικά, Μοντέρνα (1453-) |
| Modifying agency | MC Athens Campus Library |
| Κανόνες περιγραφικής καταλογογράφησης | AACR2 |
| 245 1# - ΤΙΤΛΟΣ ΚΑΙ ΔΗΛΩΣΗ ΥΠΕΥΘΥΝΟΤΗΤΑΣ | |
| Τίτλος | Marketing Communications / From Fundamentals to Strategies |
| 260 ## - PUBLICATION, DISTRIBUTION, ETC. | |
| Name of publisher, distributor, etc. | D.C. Heath And Company, |
| Date of publication, distribution, etc. | 1987 |
| 300 ## - PHYSICAL DESCRIPTION | |
| Extent | 782 |
| 505 0# - FORMATTED CONTENTS NOTE | |
| Formatted contents note | An Introduction to the World of Marketing Communications, Situation Analysis and Marketing Research, Objectives and Positioning, Message Strategies, Media Strategies, Promotion Strategies, Other Marketing Communications Strategies, Budgeting Strategies, Retail and Industrial and Services Marketing Communications, Concluding Issues Concerning Marketing Communications, Index. |
| 520 ## - SUMMARY, ETC. | |
| Summary, etc. | An Introduction to the World of Marketing Communications, Situation Analysis and Marketing Research, Objectives and Positioning, Message Strategies, Media Strategies, Promotion Strategies, Other Marketing Communications Strategies, Budgeting Strategies, Retail and Industrial and Services Marketing Communications, Concluding Issues Concerning Marketing Communications, Index. |
| 700 1# - ΠΡΟΣΘΕΤΗ ΑΝΑΓΡΑΦΗ--ΦΥΣΙΚΟ ΠΡΟΣΩΠΟ | |
| Personal name | Rothschild L. Michael |
| 9 (RLIN) | 2132 |
| 942 ## - ADDED ENTRY ELEMENTS (KOHA) | |
| Koha item type | Books |
| Τύπος τεκμηρίου | Βιβλιοθήκη | Τρέχουσα τοποθεσία | Barcode | Αριθμός εισαγωγής | Ημερομηνία απόκτησης | Ταξιθετικό σύμβολο | Αριθμός αντιτύπου | Κατάσταση απόσυρσης | Κατάσταση χαμένου | Κατάσταση κατεστραμμένου | Μη δανεισμός | Σύνολο δανεισμών | Ημερομηνία τελευταίας εμφάνισης | Η τιμή ισχύει από |
|---|---|---|---|---|---|---|---|---|---|---|---|---|---|---|
| Books | MC Athens Campus Library | MC Athens Campus Library | 9780000016300 | 2722 | 05/06/2025 | 659 ROT | 1 | 05/06/2025 | 05/06/2025 |